000 00660nam a22001937a 4500
005 20251108164255.0
008 250721s1989 xx 000 0 ara d
082 1 4 _a351.209565/دجا
100 1 _aالدجاني، عدنان يوسف
245 1 0 _aالمشكلات و المعوقات التي تعترض خدمات الديوان و أنظمة الملفات في الهيئات /
264 1 _aعمان :
_bمعهد الأدارة العامة،
_c1989.
300 _a47ص
650 1 7 _aالخدمة المدنية
650 1 7 _aالأردن
650 1 7 _aالملفات
650 1 7 _aتنظيم الملفات
942 _2ddc
_cBK
999 _c8079
_d8079